| 000 | 00767nam a22002657a 4500 | ||
|---|---|---|---|
| 003 | UA-OsUOA | ||
| 001 | 27181 | ||
| 007 | ta | ||
| 008 | 20040618b un ||||| |||| 00| 0 ukr d | ||
| 100 | _aГрибан Г.В. | ||
| 700 | _aКучерук О.А. | ||
| 090 |
_a37.02 _bГ82 |
||
| 942 | _cBK | ||
| 040 |
_aUA-OsUOA _bukr _cUA-OsUOA _dUA-OsUOA |
||
| 245 |
_aМетодика викладання української мови в середній школі _bЗошит-посібник для лабораторних робіт |
||
| 300 |
_a120 с. _bІлюстрації |
||
| 955 | _a0 | ||
| 041 | _aukr | ||
| 080 | _a37.02 | ||
| 020 | _a966-7982-07-6 | ||
| 260 |
_aКиїв _bКондор _c2003 |
||
| 044 | _aUA | ||
| 650 | 7 | _2UDC | |
| 999 |
_c313523 _d313523 |
||